[Event "TCh-BUL"]
[Site "Pamporovo BUL"]
[Date "2001.10.04"]
[Round "3"]
[White "Stavrev,N"]
[Black "Badev,K"]
[Result "1-0"]
[WhiteElo "2314"]
[BlackElo "2210"]

1.e4 c5 2.Nf3 a6 3.Nc3 e6 4.d4 cxd4 5.Nxd4 Qc7 6.Be2 Nf6 7.O-O Be7 8.f4 d6
9.a4 O-O 10.Kh1 Nc6 11.Be3 Bd7 12.Nb3 Na5 13.e5 Ne8 14.Nxa5 Qxa5 15.Bf3 Bc6
16.Bd4 Rd8 17.Ne4 dxe5 18.fxe5 f5 19.exf6 gxf6 20.c3 Bd5 21.Ng3 Ng7 22.b4 Qc7
23.a5 Qc6 24.Qe2 Rd7 25.Bxd5 Rxd5 26.Ne4 f5 27.Nc5 Bxc5 28.Bxc5 Rfd8 29.Qf3 Qd7
30.Rfe1 e5 31.Qg3 Re8 32.Qg5 Rd3 33.c4  1-0

[Event "TCh-BUL"]
[Site "Pamporovo BUL"]
[Date "2001.10.06"]
[Round "5"]
[White "Manolov,I"]
[Black "Todorov,O"]
[Result "1/2-1/2"]
[WhiteElo "2331"]
[BlackElo "2349"]

1.e4 c5 2.Nf3 e6 3.d4 cxd4 4.Nxd4 a6 5.Nc3 Qc7 6.g3 Nf6 7.Bg2 Bb4 8.Ne2 Be7
9.O-O Nc6 10.a4 d6 11.h3 Rb8 12.g4 b5 13.axb5 axb5 14.Ng3 b4 15.Nce2 O-O
16.g5 Nd7 17.b3 Re8 18.Be3 Bf8 19.Qd2 Bb7 20.Ra2 Nc5 21.Nd4 Ra8 22.Rfa1 Nxd4
23.Bxd4 d5 24.e5 Nd7 25.f4  1/2-1/2

[Event "1st Chess Week"]
[Site "Winterthur SUI"]
[Date "2001.10.06"]
[Round "2"]
[White "Pavlovic,Mi"]
[Black "Fierz,M"]
[Result "1-0"]
[WhiteElo "2488"]
[BlackElo "2223"]

1.e4 c5 2.Nf3 e6 3.Nc3 a6 4.d4 cxd4 5.Nxd4 Nc6 6.Be2 Qc7 7.O-O Nf6 8.Be3 Bb4
9.Na4 O-O 10.c4 Nxe4 11.c5 Ba5 12.Nxc6 dxc6 13.Qd4  1-0

[Event "3rd Golden Autumn"]
[Site "Alushta UKR"]
[Date "2001.10.07"]
[Round "?"]
[White "Guseinov,K"]
[Black "Shalimov,V UKR"]
[Result "1-0"]
[WhiteElo "2489"]
[BlackElo "2439"]

1.e4 c5 2.Nf3 e6 3.d4 cxd4 4.Nxd4 a6 5.Nc3 Qc7 6.g3 Nf6 7.Bg2 Nc6 8.O-O Nxd4
9.Qxd4 Bc5 10.Bf4 d6 11.Qd2 h6 12.Rad1 e5 13.Be3 Bg4 14.Bxc5 dxc5 15.Rde1 O-O
16.Nd5 Nxd5 17.exd5 Rad8 18.f4 exf4 19.Rxf4 f5 20.Qe3 Qd6 21.h3 Bh5 22.Qe6+ Kh8
23.Qxd6 Rxd6 24.g4 g5 25.Rxf5 Rxf5 26.gxf5 Bf7 27.Re7 Bxd5 28.f6 Kg8 29.Bxd5+ Rxd5
30.Rxb7 Rd1+ 31.Kg2 Rd2+ 32.Kf3 Rxc2 33.Ke4 Rf2 34.Ke5 h5 35.Ke6 Re2+ 36.Kf5  1-0

[Event "1st Chess Week"]
[Site "Winterthur SUI"]
[Date "2001.10.08"]
[Round "4"]
[White "Pikula,D"]
[Black "Miezis,N"]
[Result "1/2-1/2"]
[WhiteElo "2450"]
[BlackElo "2501"]

1.e4 c5 2.Nf3 e6 3.d4 cxd4 4.Nxd4 a6 5.Nc3 Qc7 6.Bd3 Nc6 7.Nb3 Bb4 8.f4 d6
9.O-O Nf6 10.Bd2 h5 11.h3 Bd7 12.Qe2 h4 13.a3  1/2-1/2

[Event "4th WCh U20 Team"]
[Site "Rio de Janeiro BRA"]
[Date "2001.10.14"]
[Round "5"]
[White "Bittencourt,J"]
[Black "Burstein,R"]
[Result "1/2-1/2"]
[WhiteElo "2264"]
[BlackElo "2368"]

1.e4 c5 2.Nf3 e6 3.d4 cxd4 4.Nxd4 a6 5.Nc3 Qc7 6.Be2 Nf6 7.O-O Nc6 8.Be3 b5
9.Bf3 Bb7 10.Nxc6 dxc6 11.Qe2 Bd6 12.g3 h5 13.Bg5 Be5 14.Rad1 c5 15.Rfe1 Kf8
16.Rd2 Re8 17.Nd1 Nh7 18.Be3 Nf6 19.Bg5 Nh7 20.Be3 Nf6  1/2-1/2

[Event "YM"]
[Site "Zug SUI"]
[Date "2001.10.14"]
[Round "6"]
[White "Fressinet,L"]
[Black "Kuemin,S"]
[Result "1-0"]
[WhiteElo "2588"]
[BlackElo "2300"]

1.e4 c5 2.Nf3 e6 3.d4 cxd4 4.Nxd4 a6 5.Nc3 Qc7 6.Bd3 Nf6 7.O-O d6 8.f4 Nbd7
9.Qe2 b5 10.Bd2 Bb7 11.Rae1 h5 12.Nf3 Rc8 13.Ng5 e5 14.a4 b4 15.Nd5 Nxd5
16.exd5 Be7 17.fxe5 Nxe5 18.Nxf7 Nxf7 19.Bg6 Bxd5 20.Bg5 Qa7+ 21.Kh1 Rc7
22.Rf5 Bc4 23.Qxc4 Rxc4 24.Bxf7+ Kd8 25.Bxe7+ Kc7 26.Bxc4 Qd4 27.b3 Qd2 28.Ref1  1-0

[Event "YM"]
[Site "Zug SUI"]
[Date "2001.10.16"]
[Round "8"]
[White "Fressinet,L"]
[Black "Moor,R"]
[Result "1-0"]
[WhiteElo "2588"]
[BlackElo "2385"]

1.e4 c5 2.Nf3 e6 3.d4 cxd4 4.Nxd4 a6 5.Nc3 Nc6 6.Be3 Nge7 7.Nb3 b5 8.a4 b4
9.a5 d6 10.Na4 Bb7 11.Nb6 Rb8 12.f4 Qc7 13.Bc4 Rd8 14.Qe2 Nb8 15.f5 Bxe4
16.fxe6 fxe6 17.Nd4  1-0

[Event "TCh-SLO"]
[Site "Bled SLO"]
[Date "2001.10.19"]
[Round "2"]
[White "Novak,Je"]
[Black "Rusjan,M"]
[Result "0-1"]
[WhiteElo "2143"]
[BlackElo "2231"]

1.e4 c5 2.Nf3 e6 3.d4 cxd4 4.Nxd4 a6 5.Nc3 Qc7 6.Bd3 b5 7.Nb3 Bb7 8.Be3 Nf6
9.a3 d5 10.exd5 Nxd5 11.Nxd5 Bxd5 12.O-O Bd6 13.f4 Nd7 14.h3 O-O 15.f5 Ne5
16.f6 Nxd3 17.cxd3 Bh2+ 18.Kh1 Qg3 19.Qd2 Qxh3 20.Rf3 Bxf3 21.gxf3 Bf4+ 22.Kg1 Qg3+
23.Kh1 Qxf3+  0-1

[Event "TCh-CZE 2001-2"]
[Site "CZE"]
[Date "2001.10.21"]
[Round "2"]
[White "Salai,L"]
[Black "Vyskocil,N"]
[Result "1/2-1/2"]
[WhiteElo "2404"]
[BlackElo "2297"]

1.e4 c5 2.Nf3 e6 3.d4 cxd4 4.Nxd4 a6 5.Nc3 Qc7 6.Be2 Nf6 7.O-O Nc6 8.Be3 Be7
9.f4 d6 10.Kh1 O-O 11.Qe1 Bd7 12.Qg3 Kh8 13.a4 Rac8 14.Rad1 b5 15.axb5 Nxd4
16.Bxd4 axb5 17.e5 dxe5 18.fxe5 Nd5 19.Nxd5 exd5 20.Bd3 f5 21.exf6 Qxg3 22.hxg3 Bxf6
23.Bxf6 Rxf6 24.Rxf6 gxf6 25.Ra1 Be8 26.Bf5 Rd8 27.Ra6 Bg6 28.Bxg6 hxg6 29.Rxf6 d4
30.Rf2 Kg7 31.Kg1 d3 32.Rd2 dxc2 33.Rxc2 Rd3 34.Rc7+ Kh6 35.Rc2  1/2-1/2

[Event "TCh-CZE 2001-2"]
[Site "CZE"]
[Date "2001.10.21"]
[Round "2"]
[White "Walek,M"]
[Black "Bernasek,J"]
[Result "1-0"]
[WhiteElo "2296"]
[BlackElo "2259"]

1.e4 c5 2.Nf3 e6 3.Nc3 a6 4.d4 cxd4 5.Nxd4 b5 6.Bd3 Qb6 7.Nb3 Qc7 8.O-O Bb7
9.Qe2 d6 10.f4 Nd7 11.a4 b4 12.Nb1 Ngf6 13.N1d2 Be7 14.Nf3 O-O 15.Kh1 Rfe8
16.Bd2 d5 17.e5 Ne4 18.Be3 Ndc5 19.Nxc5 Nxc5 20.a5 Ne4 21.Bb6 Qc8 22.Nd4 Bd8
23.Bxd8 Qxd8 24.Qe1 Qe7 25.Ra4 Nc5 26.Rxb4 Nxd3 27.cxd3 Rec8 28.Rb6 Rab8
29.b4 Ba8 30.Rxa6 Qxb4 31.Qa1 g6 32.h3 Rc3 33.Nf3 Ra3 34.Qc1 Rxa5 35.Rxa5 Qxa5
36.d4 Bb7 37.Qb1 Qa7 38.Rc1 Ba6 39.Qa1 Qb7 40.Kh2 Bc4 41.Nd2 Ra8 42.Qc3 Ra4
43.Rb1 Qa7 44.Nf3 Kg7 45.Qe1 Qe7 46.Rb8 Ra2 47.Ng5 Bd3 48.Qh4 h5 49.Nxe6+ Qxe6
50.Qd8 Rxg2+ 51.Kxg2 Bf1+ 52.Kg1  1-0

[Event "TCh-FIN 2001-02"]
[Site "FIN"]
[Date "2001.10.21"]
[Round "3"]
[White "Nokso Koivisto,An"]
[Black "Vakeva,J"]
[Result "1-0"]
[WhiteElo "2239"]
[BlackElo "2128"]

1.e4 c5 2.Nf3 e6 3.Nc3 a6 4.d4 cxd4 5.Nxd4 b5 6.Bd3 Qb6 7.Nb3 Qc7 8.O-O Bb7
9.f4 Nf6 10.a3 h5 11.e5 Ng4 12.Ne4 f5 13.exf6 gxf6 14.Qe2 f5 15.Nc3 Be7 16.Bd2 Nc6
17.h3 Qb6+ 18.Kh1 O-O-O 19.a4 b4 20.a5 Qa7 21.Na4 Nd4 22.Nxd4 Qxd4 23.Bxa6 Rdg8
24.Bxb7+ Kxb7 25.Qb5+ Kc8 26.Qa6+ Kd8 27.Qb6+ Qxb6 28.axb6 Nf6 29.Be3 Ne4
30.Rf3 d5 31.c3 b3 32.c4 dxc4 33.Rc1 c3 34.Nxc3 Ng3+ 35.Kh2 h4 36.Nb5 Ke8
37.b7 Kf7 38.Rc7 Rd8 39.Bc5 Rhe8 40.Nd6+ Kg6 41.Nxe8 Bxc5 42.Rxc5 Rd1 43.Rxg3+  1-0

[Event "TCh-SLO"]
[Site "Bled SLO"]
[Date "2001.10.22"]
[Round "5"]
[White "Vombek,D"]
[Black "Hulak,K"]
[Result "0-1"]
[WhiteElo "2309"]
[BlackElo "2566"]

1.e4 c5 2.Nc3 e6 3.Nf3 a6 4.d4 cxd4 5.Nxd4 d6 6.Bc4 Nf6 7.Bb3 b5 8.Bg5 Be7
9.Qf3 Qb6 10.O-O-O Nbd7 11.Rhe1 O-O 12.Qh3 Nc5 13.f4 b4 14.e5 dxe5 15.fxe5 Nd5
16.Bxe7 Nxe7 17.Ne4 Nxe4 18.Rxe4 Ng6 19.Ree1 Bb7 20.Bxe6 fxe6 21.Qxe6+ Qxe6
22.Nxe6 Rf7 23.Nd8 Re7 24.Nxb7 Rxb7 25.e6 Rb6 26.Re4 Re8 27.Rdd4 a5 28.Rd5 Ra6
29.Rb5 h6 30.g3 Rexe6 31.Rxe6 Rxe6 32.Rxa5 Ne5 33.b3 Nf3 34.a4 bxa3 35.Rxa3 Nxh2
36.b4 Ng4 37.b5 Ne3 38.Ra8+ Kf7 39.Kd2 Nf1+ 40.Kd3 Nxg3 41.Ra6 Ne4 42.Kd4 Rxa6
43.bxa6 Nd6 44.Kd5 Nc8 45.Kc6 Ke7 46.Kc7 Na7 47.c4 h5 48.c5 h4 49.Kb7 Kd7
50.Kxa7 Kc7  0-1

[Event "World Seniors"]
[Site "Arco ITA"]
[Date "2001.10.24"]
[Round "7"]
[White "Shabanov,Y"]
[Black "Titz,Hei"]
[Result "1-0"]
[WhiteElo "2458"]
[BlackElo "2306"]

1.e4 c5 2.Nf3 e6 3.Nc3 a6 4.d4 cxd4 5.Nxd4 b5 6.Bd3 Qb6 7.Nb3 Qc7 8.O-O Bb7
9.Kh1 Nf6 10.Bg5 b4 11.Bxf6 gxf6 12.Ne2 h5 13.c3 a5 14.Nd2 Na6 15.Rc1 Nc5
16.cxb4 axb4 17.Nb3 Qb6 18.Nxc5 Bxc5 19.Bb1 Bxf2 20.Nf4 Ra5 21.Nd3 Bd4 22.Rc4 Rb5
23.Qd2 Rg8 24.Nxb4 Bc5 25.Nd3 Bxe4 26.Rxe4 Be7 27.b3 Rbg5 28.Re2 h4 29.h3 Rg3
30.Ne1 Bb4 31.Qf4 Qb5 32.Qc4 Qh5 33.Nf3 Be7 34.a4 d5 35.Qd3 Bd6 36.b4 Qh6
37.Qd4 R8g4 38.hxg4 h3 39.Kg1 Bf4 40.g5 fxg5 41.Ne1 hxg2 42.Nxg2 Rh3 43.Rxf4 Rh1+
44.Kf2 Qh2 45.Re1 Rxe1 46.Kxe1 gxf4 47.Qf2 e5 48.Bd3 Kf8 49.Qc5+ Kg8 50.Qxd5 Qg3+
51.Ke2  1-0

[Event "WYB14"]
[Site "Oropesa del Mar ESP"]
[Date "2001.10.24"]
[Round "4"]
[White "Costa,Joao"]
[Black "Predojevic,B"]
[Result "0-1"]
[WhiteElo "2117"]
[BlackElo "2352"]

1.e4 c5 2.Nf3 e6 3.d4 cxd4 4.Nxd4 a6 5.Nc3 Qc7 6.g3 Bb4 7.Bd2 Nf6 8.Bg2 Nc6
9.Nxc6 bxc6 10.O-O a5 11.Re1 e5 12.a3 Be7 13.Be3 O-O 14.h3 Rb8 15.b3 Rd8
16.Qe2 d5 17.exd5 cxd5 18.Bf4 exf4 19.Qxe7 Qxe7 20.Rxe7 Bf5 21.Re5 Bxc2 22.Nxd5 Nxd5
23.Rxd5 Rxd5 24.Bxd5 fxg3 25.fxg3 Bxb3 26.Rb1 a4 27.Kf2 g6 28.Bc4 Kf8 29.Ke3 Re8+
30.Kd4 Rd8+ 31.Kc3 Rc8 32.Rxb3 axb3 33.Kxb3 Re8 34.Kb4 Re3 35.a4 Ke7 36.a5 Kf6
37.Kb5 Rc3 38.a6 Rxg3  0-1

[Event "WYB16"]
[Site "Oropesa del Mar ESP"]
[Date "2001.10.25"]
[Round "5"]
[White "Alcazar Jimenez,V"]
[Black "Korobov,A"]
[Result "0-1"]
[WhiteElo "2237"]
[BlackElo "2467"]

1.e4 c5 2.Nc3 e6 3.Nf3 a6 4.d4 cxd4 5.Nxd4 d6 6.g4 Nc6 7.Be3 Nf6 8.h3 Be7
9.f4 Qc7 10.Qd2 b5 11.Bg2 Bb7 12.O-O-O Na5 13.f5 e5 14.Nb3 Nc4 15.Qd3 b4
16.Nd5 Nxd5 17.exd5 a5 18.Nd2 Ba6 19.Qe4 a4 20.Kb1 O-O 21.Nxc4 Bxc4 22.g5 f6
23.h4 Rfc8 24.Rc1 Kh8 25.h5 a3 26.c3 axb2 27.Rc2 bxc3 28.Rf2 Bxa2+ 29.Kc2 b1=Q+
30.Rxb1 Bxb1+ 31.Kxb1 Qb7+ 32.Kc2 Ra2+ 33.Kd1 c2+  0-1

[Event "WYG16"]
[Site "Oropesa del Mar ESP"]
[Date "2001.10.25"]
[Round "5"]
[White "Khukhashvili,S"]
[Black "Kursova,M"]
[Result "1/2-1/2"]
[WhiteElo "2333"]
[BlackElo "2203"]

1.e4 c5 2.Nf3 e6 3.d4 cxd4 4.Nxd4 a6 5.Nc3 b5 6.Be3 Bb7 7.Bd3 Qc7 8.O-O Nf6
9.a3 d6 10.Kh1 Nbd7 11.f3 Be7 12.Bg1 O-O 13.f4 Rfe8 14.Qf3 Nc5 15.Rae1 Bf8
16.Qg3 Nfd7 17.Rf3 Rac8 18.Ref1 Nf6 19.Be3 Rcd8 20.Qh4 Be7 21.Qe1 Qb8 22.b4 Nxd3
23.cxd3 Rc8 24.Qd2 Nd7 25.Rc1 Bf6 26.Rff1 g6 27.Rc2 Bg7 28.Rfc1 f5 29.Nde2 Nf6
30.Ng3 Qa8 31.Qe2 fxe4 32.Ncxe4 Nxe4 33.Nxe4 Bxe4 34.dxe4 Qb7 35.h3 Kf7 36.Qd3 Bf8
37.Bd4 Bh6 38.Be3  1/2-1/2

[Event "WYG16"]
[Site "Oropesa del Mar ESP"]
[Date "2001.10.26"]
[Round "6"]
[White "Meshcheriakova,E"]
[Black "Kursova,M"]
[Result "0-1"]
[WhiteElo "2191"]
[BlackElo "2203"]

1.e4 c5 2.Nf3 e6 3.Nc3 a6 4.d4 cxd4 5.Nxd4 b5 6.Bd3 Qb6 7.Nf3 Qc7 8.O-O d6
9.Re1 Nc6 10.a4 b4 11.Ne2 Nf6 12.c3 Be7 13.Bg5 h6 14.Bd2 bxc3 15.Bxc3 Ne5
16.Ng3 O-O 17.Rc1 Nxd3 18.Qxd3 Qd7 19.a5 Bb7 20.Red1 Rfd8 21.Nd4 Rac8 22.f3 Qe8
23.Qe3 Nd7 24.Nh5 Bf8 25.Kh1 g6 26.Ng3 Nc5 27.Nde2 e5 28.f4 Bg7 29.Rf1 exf4
30.Rxf4 Ne6 31.Rf2 Ng5 32.Rcf1 Rd7 33.Bxg7 Kxg7 34.Nc3 Qe5 35.h4 Ne6 36.Na4 Re7
37.Nb6 Rc5  0-1

[Event "Chigorin Mem Open"]
[Site "St Petersburg RUS"]
[Date "2001.10.26"]
[Round "1"]
[White "Matlakov,M"]
[Black "Kuporosov,V"]
[Result "0-1"]
[WhiteElo "2272"]
[BlackElo "2469"]

1.e4 c5 2.Nf3 e6 3.d4 cxd4 4.Nxd4 a6 5.Nc3 Qc7 6.g3 Bb4 7.Ne2 Nf6 8.Bg2 Be7
9.O-O Nc6 10.a4 O-O 11.b3 Rd8 12.Bb2 Rb8 13.h3 b5 14.axb5 axb5 15.f4 b4 16.Na4 d5
17.e5 Ne4 18.Kh2 Ba6 19.Re1 h5 20.Nd4 g6 21.Nxc6 Qxc6 22.Bd4 Bb5 23.Nb2 Rbc8
24.Rc1 Bc5 25.Bf1 Bxd4 26.Qxd4 Bxf1 27.Rxf1 Qc3 28.Qxc3 Rxc3 29.Nd3 Rdc8
30.Nxb4 Nxg3 31.Rfe1 Nf5 32.Red1 Kg7 33.Rd3 f6 34.Rcd1 fxe5 35.fxe5 R3c7
36.R1d2 g5 37.Rf2 Kg6 38.Rd1 g4 39.Rf4 Kg5 40.Rdf1 Rc3 41.hxg4 hxg4 42.Nd3 Rxc2+
43.Kg1 Ng3 44.Rf6 Ne2+ 45.Kf2 Nf4+ 46.Ke3 Re2+  0-1

[Event "5th OIBM"]
[Site "Bad Wiessee GER"]
[Date "2001.10.27"]
[Round "1"]
[White "Kummerow,H"]
[Black "Schmied,A"]
[Result "1-0"]
[WhiteElo "2307"]
[BlackElo "2142"]

1.e4 c5 2.Nf3 e6 3.d4 cxd4 4.Nxd4 a6 5.Nc3 Qc7 6.g3 Nc6 7.Nxc6 bxc6 8.Bg2 d5
9.O-O Nf6 10.Re1 Be7 11.Bf4 e5 12.exd5 cxd5 13.Bxe5  1-0

[Event "Frauen Bundesliga 2001-2"]
[Site "GER"]
[Date "2001.10.27"]
[Round "1"]
[White "Dahlgruen,A"]
[Black "Lauterbach,I"]
[Result "1-0"]
[WhiteElo "2239"]
[BlackElo "2127"]

1.e4 c5 2.Nf3 e6 3.d4 cxd4 4.Nxd4 a6 5.Nc3 Qc7 6.a3 Nf6 7.f4 d6 8.Qf3 Nc6
9.Be3 Be7 10.Bd3 Bd7 11.O-O h5 12.Kh1 Nxd4 13.Bxd4 Bc6 14.b4 e5 15.fxe5 dxe5
16.Bg1 O-O 17.h3 g6 18.Be3 Kh7 19.Bg5 Ng8 20.Bd2 Qd6 21.g4 hxg4 22.hxg4 Bd7
23.Nd5 Bd8 24.Kg2 Kg7 25.Rh1 Qe6 26.Be2 g5 27.Rh2 Nh6 28.Rah1 Rh8 29.Ne3 Qf6
30.Nf5+ Nxf5 31.gxf5 Be7 32.Rh5 Rxh5 33.Rxh5 Rg8 34.Rxg5+ Kf8 35.Rxg8+ Kxg8
36.Bc4 Qc6 37.Qg3+ Kh7 38.Bd3 Bxf5 39.Qh2+ Kg8 40.Qxe5 Qg6+ 41.Qg3 Qxg3+
42.Kxg3 Bd7 43.c4 a5 44.c5 axb4 45.axb4 Kf8 46.Kf4 Ke8 47.Bc4 f6 48.Bd5 Bc8
49.Ke3 Kd8 50.Kd4 Kc7 51.Bf4+ Kd8 52.Kc4 Ke8 53.Kb5 Bd8 54.Bb8 Kd7 55.Bd6 Ke8
56.c6 bxc6+ 57.Bxc6+ Kf7 58.Kc5 Ke6 59.Bd5+ Kd7 60.b5 Bb6+ 61.Kxb6 Kxd6 62.Bb7 Bd7
63.Bc6 Be6 64.Ka7 f5 65.b6 Bc8 66.Bb7 Bd7 67.exf5 Bxf5 68.Bf3 Bc8 69.Bg4  1-0

[Event "Open"]
[Site "Le Touquet FRA"]
[Date "2001.10.27"]
[Round "?"]
[White "Cappon,J"]
[Black "Gofshtein,Z"]
[Result "0-1"]
[WhiteElo "2152"]
[BlackElo "2513"]

1.e4 c5 2.Nf3 e6 3.d4 cxd4 4.Nxd4 a6 5.Nc3 Qc7 6.Be2 b5 7.O-O Bb7 8.a3 Nf6
9.f3 Bd6 10.h3 Nh5 11.f4 Nxf4 12.Bxb5 Ng6 13.Be2 Nc6 14.Be3 O-O 15.Qd2 Be7
16.Nxc6 Qxc6 17.Rad1 Rfd8 18.Bd3 Ne5 19.Qf2 Rac8 20.Ne2 Rf8 21.Qg3 f6 22.Nd4 Qc7
23.Bf4 Qb6  0-1

[Event "WYB16"]
[Site "Oropesa del Mar ESP"]
[Date "2001.10.28"]
[Round "7"]
[White "Llobel Cortell,E"]
[Black "Korobov,A"]
[Result "0-1"]
[WhiteElo "2376"]
[BlackElo "2467"]

1.e4 c5 2.Nc3 e6 3.Nf3 a6 4.d4 cxd4 5.Nxd4 d6 6.Be3 Nf6 7.f3 b5 8.g4 h6 9.Qd2 Bb7
10.h4 Nbd7 11.Rg1 g6 12.O-O-O Rc8 13.Bd3 Bg7 14.Kb1 Ne5 15.Rge1 Nfd7 16.g5 hxg5
17.hxg5 O-O 18.f4 Nxd3 19.cxd3 e5 20.Nf3 exf4 21.Bxf4 Ne5 22.Nxe5 dxe5 23.Be3 Qd7
24.Rf1 b4 25.Ne2 a5 26.Nc1 Ba6 27.Rf6 Bb5 28.d4 Qg4 29.Ka1 Qxe4 30.Rd6 Rc2
31.Qe1 Rfc8 32.d5 Be2  0-1

[Event "Copa Clarin"]
[Site "Villa Martelli ARG"]
[Date "2001.10.28"]
[Round "3"]
[White "Rosito,J"]
[Black "Panno,O"]
[Result "0-1"]
[WhiteElo "2400"]
[BlackElo "2480"]

1.e4 c5 2.Nf3 e6 3.d4 cxd4 4.Nxd4 a6 5.Nc3 Qc7 6.Be2 Nf6 7.O-O Nc6 8.Kh1 Be7
9.f4 d6 10.Be3 O-O 11.Qe1 Nd7 12.Rd1 Nxd4 13.Bxd4 b5 14.Qg3 Bf6 15.Bf3 Rb8
16.Bxf6 Nxf6 17.e5 dxe5 18.fxe5 Nd7 19.Rd6 Bb7 20.Bxb7 Qxb7 21.a3 Rbc8 22.Qe3 Rc7
23.Rfd1 h6 24.h3 Nb8 25.R1d4 Nc6 26.Rg4 Kh8 27.Nd5 Ne7 28.Nxc7 Qxc7 29.Rd2 Nf5
30.Qe1 Rd8 31.Rxd8+ Qxd8 32.c4 Qd3 33.cxb5 axb5 34.Qc3 Qe2 35.Rb4 Ne3 36.Qc8+ Kh7
37.Qb7 Qe1+ 38.Kh2 Nf1+ 39.Kg1 Nd2+ 40.Kh2 Qxe5+ 41.Kg1 Qe3+ 42.Kh1 f5 43.Qf7 Qe1+
44.Kh2 Nf1+ 45.Kg1 Ne3+ 46.Kh2 e5 47.h4 Qf2  0-1

[Event "Chigorin Mem Open"]
[Site "St Petersburg RUS"]
[Date "2001.10.29"]
[Round "4"]
[White "Yagupov,I"]
[Black "Kobalija,M"]
[Result "0-1"]
[WhiteElo "2442"]
[BlackElo "2603"]

1.e4 c5 2.Nf3 e6 3.Nc3 a6 4.d4 cxd4 5.Nxd4 b5 6.Bd3 Qb6 7.Be3 Bc5 8.Be2 Nc6
9.Nxc6 dxc6 10.Bxc5 Qxc5 11.Qd3 Nf6 12.f4 e5 13.O-O-O O-O 14.f5 Ra7 15.g4 Rd7
16.Qf3 Rfd8 17.Bd3 a5 18.g5 Ne8 19.h4 a4 20.a3 b4 21.Nb1 Nc7 22.axb4 Qxb4
23.c3 Qa5 24.Qe3 Na6 25.Bc4 Nc5 26.Rxd7 Rxd7 27.Rd1 Nb3+ 28.Bxb3 axb3 29.Rxd7 Bxd7
30.Qd3 Qa7 31.Qd1 g6 32.fxg6 hxg6 33.Qxb3 Bg4 34.Kc2 Qg1 35.Qb8+ Kh7 36.Qd6 Bf3
37.Na3 Bxe4+ 38.Kb3 Qh2 39.Ka2 Qf4 40.c4 Bf5 41.Qxc6 Be6 42.Qc7 Qd4 43.Kb3 Qd3+
44.Kb4 Qd2+ 45.Kb3 e4 46.Qe5 e3 47.Nc2 Bxc4+ 48.Kxc4 Qxc2+ 49.Kb4 Qf2 50.Qd4 Qd2+
51.Qc3 Qd6+ 52.Kb5 e2  0-1

[Event "WYB14"]
[Site "Oropesa del Mar ESP"]
[Date "2001.10.30"]
[Round "9"]
[White "Movsisian,V"]
[Black "Lenic,L"]
[Result "1/2-1/2"]
[WhiteElo "2246"]
[BlackElo "2106"]

1.e4 c5 2.Nf3 e6 3.d4 cxd4 4.Nxd4 a6 5.Nc3 Qc7 6.Bd3 Nc6 7.Nb3 Nf6 8.f4 d6
9.Be3 b5 10.Qf3 Bb7 11.O-O h5 12.h3 Be7 13.Qf2 h4 14.Rfe1 Nh5 15.a4 b4 16.Ne2 Ng3
17.Bb6 Qb8 18.Nxg3 hxg3 19.Qxg3 Bh4 20.Qxg7 Ke7 21.Re2 Rg8 22.Qh7 Rh8  1/2-1/2

[Event "WYB14"]
[Site "Oropesa del Mar ESP"]
[Date "2001.11.02"]
[Round "11"]
[White "Movsisian,V"]
[Black "Kuparadze,G"]
[Result "1/2-1/2"]
[WhiteElo "2246"]
[BlackElo "2135"]

1.e4 c5 2.Nf3 e6 3.d4 cxd4 4.Nxd4 a6 5.Nc3 Qc7 6.Be3 Bb4 7.Qd2 Nf6 8.Bd3 d5
9.exd5 Nxd5 10.Nde2 Nd7 11.O-O Nxe3 12.Qxe3 Bd6 13.Qh3 Nf6 14.Rad1 O-O 15.Kh1 e5
16.Qh4 h6 17.Ng3 Rd8 18.Nge4 Be7 19.Nxf6+ Bxf6 20.Qe4 Be6 21.Qh7+ Kf8 22.Be4 Ke7
23.Bd5 Rd7 24.Bxe6 fxe6 25.Rxd7+ Qxd7 26.Rd1 Qc7 27.Qd3 Rc8 28.Ne4 Qxc2 29.Qa3+ Ke8
30.Nd6+ Kd7 31.Qf3 Rc6 32.Nxb7+ Kc7 33.Na5 e4 34.Qb3 Qxb3 35.Nxb3  1/2-1/2

[Event "FSIM November"]
[Site "Budapest HUN"]
[Date "2001.11.07"]
[Round "5"]
[White "Hajnal,Z"]
[Black "Nemeth,Z"]
[Result "1/2-1/2"]
[WhiteElo "2436"]
[BlackElo "2372"]

1.e4 c5 2.Nf3 e6 3.d4 cxd4 4.Nxd4 a6 5.Nc3 b5 6.g3 Bb7 7.Bg2 Qc7 8.O-O Nf6
9.Re1 d6 10.f4 Be7 11.a4 b4  1/2-1/2

[Event "EuTChw"]
[Site "Leon ESP"]
[Date "2001.11.13"]
[Round "7"]
[White "Repkova,E"]
[Black "Velcheva,M"]
[Result "1-0"]
[WhiteElo "2330"]
[BlackElo "2331"]

1.e4 c5 2.Nf3 e6 3.d4 cxd4 4.Nxd4 a6 5.Nc3 b5 6.Bd3 Qb6 7.Nb3 Qc7 8.Qe2 Bb7
9.Bd2 b4 10.Nb1 Nf6 11.c4 Nc6 12.f4 d6 13.Be3 Be7 14.N1d2 Nd7 15.Nf3 O-O
16.O-O e5 17.f5 a5 18.Rac1 a4 19.Nbd2 Rfe8 20.Bb1 Nc5 21.Ng5 Bf6 22.Qh5 h6
23.h4 Nd4 24.Rf2 b3 25.a3 Rac8 26.g4 Qe7 27.Ngf3 Nxf3+ 28.Nxf3 g6 29.fxg6 fxg6
30.Qxg6+ Qg7 31.Qh5 Bxe4 32.Bxh6 Qh7 33.Ng5 Bxg5 34.Qxg5+ Kh8 35.Qf6+ Kg8
36.Qg5+ Kh8 37.Rcf1 Bxb1 38.Qf6+ Kg8 39.Qf8+  1-0

[Event "EuTChw"]
[Site "Leon ESP"]
[Date "2001.11.13"]
[Round "7"]
[White "Nepeina Leconte,M"]
[Black "Skripchenko,A"]
[Result "0-1"]
[WhiteElo "2302"]
[BlackElo "2497"]

1.e4 c5 2.Nf3 e6 3.d4 cxd4 4.Nxd4 a6 5.Nc3 Qc7 6.g3 Bb4 7.Ne2 Nf6 8.Bg2 Nc6
9.O-O d6 10.b3 Ne5 11.Bb2 Bd7 12.h3 h5 13.a3 Bc5 14.Nd4 Rc8 15.Nce2 b5 16.Qd2 Ng6
17.Rae1 O-O 18.Qg5 Qd8 19.Nf4 e5 20.Nde6 Bxe6 21.Nxe6 fxe6 22.Qxg6 Qb6 23.Bf3 Bxf2+
24.Rxf2 Ng4 25.Qxe6+ Kh7 26.hxg4 Rxf3 27.Rf1 Rxc2  0-1

[Event "sf ch-NED"]
[Site "Leeuwarden NED"]
[Date "2001.11.17"]
[Round "1.1"]
[White "Veenstra,P"]
[Black "Kouwenhoven,M"]
[Result "1-0"]
[WhiteElo "2098"]
[BlackElo "2085"]

1.e4 c5 2.Nf3 e6 3.d4 cxd4 4.Nxd4 a6 5.Nc3 b5 6.Bd3 Bb7 7.O-O Qc7 8.Bd2 Nf6
9.Re1 d6 10.a4 bxa4 11.Rxa4 Nbd7 12.Qe2 Nc5 13.Rc4 Qd7 14.b4 Nxd3 15.cxd3 d5
16.exd5 Nxd5 17.Nf3 Bd6 18.Ne4 O-O 19.Nc5 Bxc5 20.bxc5 a5 21.c6 Qe7 22.cxb7 Qxb7
23.Qe4 Qb2 24.Rec1 h6 25.Qe5 Qb3 26.Bxh6  1-0

[Event "ch-Balkan"]
[Site "Istanbul TUR"]
[Date "2001.11.21"]
[Round "4"]
[White "Haznedaroglu,K"]
[Black "Ipek,A"]
[Result "1/2-1/2"]
[WhiteElo "2328"]
[BlackElo "2240"]

1.e4 c5 2.Nf3 e6 3.d4 cxd4 4.Nxd4 a6 5.Nc3 Qc7 6.Bd3 Nf6 7.O-O Nc6 8.Be3 b5
9.Qe2 Bb7 10.a3 Be7 11.f4 d6 12.Nxc6 Bxc6 13.Bd4 e5 14.fxe5 dxe5 15.Be3 O-O
16.Kh1 Rad8 17.Rf5 g6 18.Rf2 Nh5 19.a4 b4 20.Nd5 Bxd5 21.exd5 a5 22.Bh6 Ng7
23.Bc4 Qd6 24.Re1 f6  1/2-1/2

[Event "ch-Balkan"]
[Site "Istanbul TUR"]
[Date "2001.11.22"]
[Round "5"]
[White "Erdogdu,M"]
[Black "Mastrovasilis,A"]
[Result "0-1"]
[WhiteElo "2310"]
[BlackElo "2442"]

1.e4 c5 2.Nf3 e6 3.d4 cxd4 4.Nxd4 a6 5.Nc3 Qc7 6.Bd3 Nf6 7.O-O Bc5 8.Nb3 Be7
9.f4 d6 10.Be3 Nbd7 11.Qf3 b6 12.Rae1 Bb7 13.Qg3 h5 14.Nd4 b5 15.Kh1 b4 16.Nd1 Nxe4
17.Bxe4 Bxe4 18.Bd2 Qc4 19.c3 h4 20.Qf2 Nf6 21.Ne3 Qc5 22.Kg1 Bd3 23.Qf3 Be4
24.Qe2 d5 25.Rc1 Qb6 26.Rfd1 Bd6 27.Qf2 Bc5 28.h3 Be7 29.Nf1 bxc3 30.Rxc3 Qxb2
31.Rc7 Bd8 32.Rc3 Bb6 33.Kh2 O-O 34.Rdc1 Bh7 35.Qe3 Ne4 36.Rb3 Bxd4 37.Rxb2 Bxe3
38.Bxe3 Bg6 39.Rc6 Rfc8 40.Rcb6 Rc3 41.R6b3 Rac8 42.Nd2 Rxb3 43.Nxb3 Rc3
44.Bd4 Rd3 45.Bb6 Rd1 46.Bg1 Ng3 47.Nd4 Be4 48.Ne2 Nf1+ 49.Kh1 Re1 50.Nc3 Ng3+
51.Kh2 Bd3 52.Na4 Bb5 53.Nc3 Bd3 54.Na4 Kh7 55.Nc5 Bc4 56.Rb7 d4 57.Rb2 d3
58.Nd7 d2 59.Nf8+ Kh6  0-1

[Event "ch-Balkan"]
[Site "Istanbul TUR"]
[Date "2001.11.22"]
[Round "5"]
[White "Yilmaz,T"]
[Black "Ipek,A"]
[Result "0-1"]
[WhiteElo "2277"]
[BlackElo "2240"]

1.e4 c5 2.Nf3 e6 3.d4 cxd4 4.Nxd4 a6 5.Nc3 Qc7 6.Bd3 Nc6 7.Be3 Nf6 8.O-O b5
9.Qe2 Bb7 10.a3 Ne5 11.h3 Bc5 12.Nb3 Bxe3 13.Qxe3 O-O 14.f4 Nc4 15.Bxc4 bxc4
16.Nd4 d5 17.exd5 Nxd5 18.Nxd5 Bxd5 19.f5 exf5 20.Rxf5 Rae8 21.Qf2 Be4 22.Rg5 Bg6
23.Rf1 Rb8 24.h4 Qb6 25.b4 cxb3 26.cxb3 h6 27.Rg4 a5 28.Re1 Rfe8 29.Rxe8+ Rxe8
30.h5 Bxh5 31.Rxg7+ Kh8 32.Rg3 Rd8 33.Rd3 Bg6 34.Rd2 Kh7 35.Qe3 Qc5 36.a4 Rd5
37.Kf2 Re5 38.Qh3 Re4 39.Qd7 Rf4+ 40.Ke1 Qc1+ 41.Rd1 Re4+ 42.Ne2 Qe3 43.Qd3 Qg1+
44.Kd2 Qxg2 45.Re1 Rxa4 46.Qb5 Ra2+ 47.Ke3 Qe4+ 48.Kf2 Qf4+ 49.Kg1 Qe3+ 50.Kf1 Qf3+
51.Kg1 Be4  0-1

[Event "American Open"]
[Site "Los Angeles USA"]
[Date "2001.11.23"]
[Round "3"]
[White "Anderson,R"]
[Black "Vucic,M"]
[Result "0-1"]
[WhiteElo "2268"]
[BlackElo "2396"]

1.e4 c5 2.Nf3 e6 3.Nc3 a6 4.d4 cxd4 5.Nxd4 Qc7 6.Bd3 Nc6 7.Be3 Nf6 8.O-O Bd6
9.Nxc6 dxc6 10.f4 e5 11.f5 Be7 12.a4 b6 13.Qf3 O-O 14.Bc4 Bb7 15.g4 b5 16.Ba2 b4
17.Nb1 c5 18.Nd2 Qc6 19.Bg5 Rad8 20.Rfe1 Rxd2 21.Bxd2 Nxe4 22.Be3 Qc7 23.Qf1 Nf6
24.h3 h6 25.Bc4 Qc6 26.Kh2 Nd5 27.Qg2 e4 28.Bxd5 Qxd5 29.b3 Bd6+ 30.Kg1 Be5
31.Rad1 Bd4 32.Kh1 Rd8 33.Rd2 Qe5 34.Red1 Kh7 35.Qh2 Qf6 36.Qf2 Bc6 37.Kg1 Qe5
38.Kf1 f6 39.Kg1 Re8 40.Bxd4 cxd4 41.Rxd4 e3 42.Qf4 e2 43.Re1 Qc5 44.Kh2 Qc3
45.Qf2 Re3 46.Rd3 Rxd3 47.cxd3 Qxd3 48.Rxe2 Qxb3 49.g5 hxg5 50.h4 g4  0-1